Tekst piosenki ''Parostatek'' - Statystyki

Ogólne statystyki
  • Ten quiz został rozwiązany 101 razy
  • Średni wynik to 18 z 29
Statystyki odpowiedzi
Odpowiedź % Poprawnych
W starym albumie u mego {dziadka}
96%
Parostatkiem w piękny rejs, statkiem na {parę} w piękny rejs
94%
Parostatkiem w piękny rejs, statkiem na {parę} w piękny rejs
94%
Jest takie {zdjęcie}, istny cud
84%
Statek na parę sprzed lat {stu}
82%
{Kąpielowy} kostium włóż i na pokładzie ciało złóż
79%
{Kąpielowy} kostium włóż i na pokładzie ciało złóż
79%
Dobry {fotograf} to zdjęcie zrobił
76%
Bo tutaj szum maszyny, bo tutaj głosem {dziewczyny}
70%
Bo tutaj szum maszyny, bo tutaj głosem {dziewczyny}
70%
Proszę nie wychylać się za {burtę}
68%
Przy wtórze klątw bosmana, głośnych {krzyków} aż od rana
68%
Przy wtórze klątw bosmana, głośnych {krzyków} aż od rana
68%
Lecz kiedy dziadek {fajkę} zapalił
62%
Tłum {marynarzy} pokład mu zdobi
57%
Dziadek {bosmanem} był na tym statku
56%
Wśród majtków wzbudzał wiecznie {strach}
56%
Wszystko jak {żywe}, aż się cni
54%
Cała załoga {stała} we łzach
50%
Tak śpiewnie {dusza} łka
50%
Tak śpiewnie {dusza} łka
50%
Płynący w {falach}, wśród mewek stadka
49%
{Krzyczał}, aż drżały na brzegach kwiatki
48%
Tytoń mu zaczął {płuca} grzać
48%
{Słońce} na górze pięknie lśni
44%
Marzył, by wieki mógł tam {trwać}
43%
Tak cudnie {śruba} gra
43%
Tak cudnie {śruba} gra
43%
Dziadek coś {nucił}, tytoń się palił
41%
Nie znaleziono quizów pasujących do podanych kryteriów
Rozkład punktacji
Procent ludzi z każdym wynikiem
Percentyl według liczby udzielonych odpowiedzi
Twoja historia wyników
Nie rozwiązałeś tego quizu